|
|
|
|
| LEADER |
00000nab a2200000 a 4500 |
| 001 |
vtls000647501 |
| 003 |
SK-MaSNL |
| 005 |
20260304083828.0 |
| 008 |
250425c1997 xo 0 slo |
| 015 |
|
|
|a SNBRB19rr/mm-uuuuu
|
| 035 |
|
|
|a CL0647640
|
| 035 |
|
|
|a urn:nbn:sk:snk-abhdr
|
| 035 |
|
|
|a (urnnbn)urn:nbn:sk:snk:ar-a04w8f
|
| 035 |
|
|
|a (uuid)96051fa8-9fc3-49ed-ac9a-4451483d30bc
|
| 040 |
|
|
|a SNKBUCL
|b slo
|c SNKBUCL
|e AACR2
|
| 041 |
0 |
|
|a slo
|
| 044 |
|
|
|a xo
|c SK
|
| 080 |
|
|
|a 52-051
|2 1981
|
| 080 |
|
|
|a 929 Rahe, Jürgen H.
|2 1981
|
| 100 |
1 |
|
|a Svoreň, Ján,
|d 1949-
|4 aut
|9 118177
|
| 245 |
1 |
0 |
|a Jürgen H. Rahe (1936-1997)
|c J. Svoreň
|
| 600 |
1 |
7 |
|a Rahe, Jürgen H.
|d 1936-1997
|x nekrológy
|2 snkbucl
|9 1375243
|
| 650 |
0 |
7 |
|a Rahe, Jürgen H.
|2 snkbucl
|9 1375244
|
| 655 |
|
7 |
|a články z novín a časopisov
|2 snkbucl
|9 267496
|
| 773 |
0 |
|
|t Kozmos
|g Roč. 28, č. 5 (1997), s. 36
|x 0323-049X
|
| 850 |
|
|
|a Slovenská národná knižnica
|
| 852 |
|
|
|a Slovenská národná knižnica
|
| 954 |
|
|
|a odborná, vedecká literatúra pôvodná (slovenská)
|2 lita
|
| 958 |
|
|
|a article27
|
| 958 |
|
|
|a BC
|
| 958 |
|
|
|a US
|
| 958 |
|
|
|a RK
|
| 958 |
|
|
|a OND
|
| 958 |
|
|
|a EUIPO
|
| 999 |
|
|
|c 2801424
|d 2803354
|